Clickable Eucharistic Prayer I Quiz Stats

 Plays Quiz not verified by Sporcle

Support Sporcle.
Go Orange.
Score 0/100 Timer 15:00
0 Plays Today
% Correct
lift
87.1%
Lord
85.1%
hearts
84.2%
name
84.2%
thanks
83.2%
right
83.2%
highest
83.2%
spirit
80.2%
glory
80.2%
Hosanna
80.2%
bread
75%
disciples
75%
covenant
75%
Pope
74.3%
Amen
73.9%
hosts
72.3%
Joseph
72.3%
catholic
70.3%
Mother
70.3%
eat
69.3%
given
69.3%
Blood
69.3%
servants
68.3%
Apostles
68.3%
broke
68.3%
drink
68.3%
sins
68.3%
Ascension
68.3%
venerable
68.2%
memory
67.3%
mystery
67.3%
Resurrection
67.3%
come
67.3%
supper
67%
% Correct
apostolic
66.3%
eyes
66.3%
suffer
66.3%
blessing
66.3%
chalice
65.3%
Abraham
65.3%
Melchizedek
64.4%
Baptist
64.4%
Him
63.4%
honor
63.4%
petition
62.5%
Remember
61.4%
delivered
60.4%
beseech
60.4%
devotion
60.2%
unblemished
59.4%
Damian
59.4%
beloved
59.4%
altar
58.4%
abundant
58.4%
rest
58%
holy
57.4%
bestow
56.8%
souls
56.4%
Jude
56.4%
Passion
56.4%
unite
55.7%
Abel
55.4%
victim
55.4%
Linus
54.5%
flock
54.5%
almighty
54.5%
sleep
54.5%
dear
54%
% Correct
sacrifice
54%
Philip
53.5%
countenance
53.5%
communion
53.5%
salvation
52.5%
divine
52.5%
oblation
51.5%
Lucy
51.5%
family
51.1%
Anastasia
50.5%
defended
50%
majesty
50%
merciful
48.5%
Chrysogonus
48.5%
refreshment
48.5%
peace
46.5%
praise
45.5%
sanctify
45.5%
faith
44.6%
participation
44%
acknowledge
43.6%
grace
42.6%
good
42.6%
Ignatius
41.6%
merits
39.6%
Marcellinus
39.6%
Cyprian
38.6%
pardon
38.6%
Thomas
37.6%
fellowship
37.6%
eternal
35.6%
spiritual
27.7%

You're not logged in!

Compare scores with friends on all Sporcle quizzes.
OR
Log In

From the Vault

'C' Natural World

by Cortez

This is a great way to 'C' the world.
Remove Ads.
Support Sporcle.
Get the best of Sporcle when you Go Orange. This ad-free experience offers more features, more stats, and more fun while also helping to support Sporcle. Thank you for becoming a member.

Show Comments

Extras

Top Quizzes Today


Score Distribution

Your Account Isn't Verified!

In order to create a playlist on Sporcle, you need to verify the email address you used during registration. Go to your Sporcle Settings to finish the process.

Report this User

Report this user for behavior that violates our Community Guidelines.

Details: